[Event "Kishinev Ghimpu Memorial op"]
[Site "Kishinev"]
[Date "2012.11.12"]
[Round "6"]
[White "Gidicov, Artiom"]
[Black "Ogleznev, Alexandr"]
[Result "1/2-1/2"]
[WhiteElo "2029"]
[BlackElo "2278"]
[PlyCount "52"]
[EventDate "2012.11.09"]
[EventType "swiss"]
[EventRounds "9"]
[EventCountry "MDA"]
[SourceTitle "EXT 2014"]
[Source "ChessBase"]
[SourceDate "2013.11.20"]
[SourceVersion "1"]
[SourceVersionDate "2013.11.20"]
[SourceQuality "1"]

1. e4 c5 2. Nf3 e6 3. Nc3 Nc6 4. Be2 a6 5. 0-0 Nf6 6. d4 cxd4 7. Nxd4 Qc7 8. Nxc6 bxc6 9. f4 d5 10. e5 Nd7 11. Qe1 g6 12. Qh4 Bb7 13. Bf3 Bg7 14. Nd1 0-0 15. Nf2 f6 16. exf6 Nxf6 17. Ng4 Nxg4 18. Qxg4 Rae8 19. c3 Bc8 20. Qh4 Qb6+ 21. Kh1 a5 22. Qf2 Qxf2 23. Rxf2 e5 24. fxe5 Rxe5 25. Bd2 g5 26. Kg1 Ba6 1/2-1/2